书目信息 |
| 书名: | Right from the start | |
| 作者: | Robert Holkeboer, Laurie Walker. | |
| 分册号: | ||
| 分册名: | 出版地: | Belmont, CA : |
|
| 出版社: | Wadsworth Pub. Co | |
| 出版时间: | c1999. | |
| 页数: | xviii, 275 p. : | |
| 开本: | 28 cm. | |
| 丛书名: | ||
| 中图分类号: | ||
| 科图分类号: | ||
| 其他分类号: | D4 | |
| 主题词: | ||
| 电子资源: | ||
| 000 | 01058pam a2200301 a 450 | |
| 001 | E0729610468 | |
| 005 | 20070316081454.43 | |
| 008 | 980707s1999 caua b 001 0 eng | |
| 010 | @a98034985 | |
| 020 | @a0534564127 (alk. paper). | |
| 035 | @A(DLC) 98034985 | |
| 040 | @aDLC@cDLC@dDLC | |
| 043 | @an-us--- | |
| 050 | 00 | @aLB2343.32@b.H65 1999 |
| 082 | 00 | @a378.1/98@2 21 |
| 090 | @aD4 | |
| 099 | @dD4@ex4 | |
| 100 | 1 | @aHolkeboer, Robert. |
| 245 | 10 | @aRight from the start :@btaking charge of your college success / @cRobert Holkeboer, Laurie Walker. |
| 250 | @a3rd ed. | |
| 260 | @aBelmont, CA :@bWadsworth Pub. Co.,@cc1999. | |
| 300 | @axviii, 275 p. :@bill. ;@c28 cm. | |
| 504 | @aIncludes bibliographical references and index. | |
| 650 | 0 | @aCollege student orientation@zUnited States. |
| 700 | 1 | @aWalker, Laurie. |
| 906 | @a7@bcbc@corignew@d1@eocip@f19@gy-gencatlg | |
| 955 | @apc19 to sa00 07-08-98; sj11 07-09-98; sj09 07-09-98; sj4 07-10-98; CIP ver sj11 01-07-99 | |
| 991 | @bc-GenColl@hLB2343.32@i.H65 1999@tCopy 1@wBOOKS | |
| Right from the start : : taking charge of your college success / / Robert Holkeboer, Laurie Walker.-3rd ed.-Belmont, CA : : Wadsworth Pub. Co., , c1999. |
| xviii, 275 p. : : ill. ; ; 28 cm. |
| Includes bibliographical references and index. |
| ISBN 0534564127 (alk. paper). |
| ● |
| 相关链接 |
|
|
|
|
正题名:Right from the start
索取号:D4/x4
 
预约/预借
| 序号 | 登录号 | 条形码 | 馆藏地/架位号 | 状态 | 备注 |
| 1 | 0002097 | 300020974 | 第二样本阅览室/ [索取号:D4/x4] | 在馆 | |
| 2 | 0002098 | 300020983 | 第四借阅区/ [索取号:D4/x4] | 在馆 | |
| 3 | 0002099 | 300020992 | 第四借阅区/ [索取号:D4/x4] | 在馆 |